Nilpotent Lie Groups: structure and applications to analysis

Uloženo v:
Podrobná bibliografie
Hlavní autor: Goodman, Roe W (Autor)
Médium: Kniha
Jazyk:angličtina
Vydáno: Berlín Springer-Verlag 1976
Edice:Lecture Notes in Mathematics, 562
Témata:
Tagy: Přidat tag
Žádné tagy, Buďte první, kdo vytvoří štítek k tomuto záznamu!

MARC

LEADER 00000nam a2200000 a 4500
001 UCQ9197
003 CL-VaPUC
008 981230e19760000GW |||||||||||||||||eng|d
082 0 4 |a 512.55  |b GOO  |2 21 
100 0 |a Goodman, Roe W  |e author  |9 423669 
245 1 0 |a Nilpotent Lie Groups: structure and applications to analysis 
300 |a 209 p 
942 |c BK 
945 |d 19981230 00:00:00  |a crobeson 
260 |a Berlín  |b Springer-Verlag  |c 1976 
650 0 |a Grupos de Lie   |9 271231 
650 0 |a Álgebra de Lie  |9 271226 
650 0 |a Representaciones de grupos   |9 417402 
583 |a last modification  |c 19981230 00:00:00  |k Rodrigo Vera 
490 0 |a Lecture Notes in Mathematics, 562 
999 |c 278285  |d 278283